01421nam a2200337Ia 4500001001200000003000800012006001900020007001500039008004100054010001700095020001800112020001800130040002100148035002100169050002800190082002000218100003100238245016900269260004400438300004100482504006400523533015200587650004900739650004400788650003900832655002900871700002300900710001700923856012600940999001701066ebr10252459CaPaEBRm u cr cn|||||||||080530s2008 dcuab sb 001 0 eng d z 2008022138 z9780821375716 z9780821375723 aCaPaEBRcCaPaEBR a(OCoLC)28379826914aHG3270.3.A6bS66 2008eb04a332.1/209542221 aSophastienphong, Kiatchai.10aGetting finance in South Asia 2009h[electronic resource] :bindicators and analysis of the commercial banking sector /cKiatchai Sophastienphong, Anoma Kulathunga. aWashington, D.C. :bWorld Bank,cc2008. axvii, 156 p. :bcol. ill., col. map. aIncludes bibliographical references (p. 145-147) and index. aElectronic reproduction.bPalo Alto, Calif. :cebrary,d2009.nAvailable via World Wide Web.nAccess may be limited to ebrary affiliated libraries. 0aBanks and bankingzSouth AsiavCase studies. 0aMicrofinancezSouth AsiavCase studies. 0aFinancezSouth AsiavCase studies. 7aElectronic books.2local1 aKulathunga, Anoma.2 aebrary, Inc.40uhttp://site.ebrary.com/lib/rucke/Doc?id=10252459zAn electronic book accessible through the World Wide Web; click to view c13654d13654